[Event "Al-Ain Classic Open A 2013"]
[Site "Al-Ain UAE"]
[Date "2013.12.22"]
[Round "4.42"]
[White "Afshar,N"]
[Black "Basencyan,M"]
[Result "1/2-1/2"]
[WhiteElo "1992"]
[BlackElo "2181"]

1.e4 d6 2.d4 Nf6 3.Nc3 e5 4.Nf3 Nbd7 5.Bc4 Be7 6.O-O O-O 7.h3 c6 8.a4 b6
9.Be3 a6 10.Ba2 Rb8 11.Qe2 b5 12.axb5 axb5 13.b4 Qc7 14.Bb3 h6 15.Qd3 Nb6
16.d5 cxd5 17.Bxb6 Qxb6 18.Nxd5 Nxd5 19.Bxd5 Bb7 20.Rfd1 Rfc8 21.Bxb7 Rxb7
22.c3 Rbc7 23.Ra3 Qc6 24.Nd2 Rd8 25.Nf1 Bg5 26.g3 h5 27.h4 Bh6 28.Qf3 g6
29.Rd5 Kg7 30.Ne3 Bxe3 31.Qxe3 Ra8 32.Rxa8 Qxa8 33.Rxd6 Qa1+ 34.Kg2 Qxc3
35.Qxc3 Rxc3 36.Rd5 Rc4 37.Rxb5 Rxe4 38.Kf3 Re1  1/2-1/2

[Event "WYCC U18 Girls 2013"]
[Site "Al-Ain UAE"]
[Date "2013.12.22"]
[Round "6.21"]
[White "Tuzi,Bruna"]
[Black "Unapkoshvili,N"]
[Result "0-1"]
[WhiteElo "1754"]
[BlackElo "2081"]

1.e4 d6 2.d4 Nf6 3.Nc3 Nbd7 4.Nf3 e5 5.Bc4 Be7 6.O-O O-O 7.a4 c6 8.h3 b6
9.Re1 Bb7 10.d5 cxd5 11.Bxd5 Bxd5 12.Nxd5 Nxd5 13.Qxd5 Rc8 14.c4 Nc5 15.Be3 Ne6
16.a5 Qc7 17.axb6 axb6 18.Nd2 Rb8 19.Ra2 Bg5 20.Bxg5 Nxg5 21.Rea1 Ne6 22.Ra7 Qd8
23.Nf3 Nf4 24.Qb5 Qf6 25.Qd7 Qg6 26.g3 Qxe4 27.gxf4 Qxf3 28.fxe5 dxe5 29.R1a3 Qe4
30.Qc7 Rbd8 31.Ra1 Qg6+ 32.Kh2 Rd2 33.Rf1 Qf6 34.Kg2 Qg5+ 35.Kh1 Rxb2 36.Qc6 Qh4
37.Kg2 Rb3 38.Qd7 Qe4+ 39.Kh2 Qxc4 40.Ra4  0-1

[Event "WYCC U18 Open 2013"]
[Site "Al-Ain UAE"]
[Date "2013.12.22"]
[Round "6.22"]
[White "Prince,Ba"]
[Black "Licznerski,L"]
[Result "1-0"]
[WhiteElo "2227"]
[BlackElo "2354"]

1.e4 d6 2.d4 Nf6 3.Nc3 e5 4.Nf3 Nbd7 5.Bc4 Be7 6.O-O O-O 7.a4 c6 8.Re1 Qc7
9.h3 b6 10.Bg5 Bb7 11.Ba2 a6 12.dxe5 dxe5 13.Nh4 Nc5 14.Nf5 Ne6 15.Be3 Bb4
16.Qf3 Ne8 17.Red1 Bc8 18.Ne2 g6 19.Bh6 gxf5 20.exf5 Nf4 21.Nxf4 exf4 22.Bxf4 Qe7
23.c3 Bc5 24.b4 Bxf5 25.bxc5 Qxc5 26.Be3 Qe5 27.Bd4 Qe4 28.Qg3+ Bg6 29.Re1 Qf5
30.Re5 Qc2 31.Ree1 c5 32.Be5 Ng7 33.h4 Rfe8 34.Bxg7 Kxg7 35.Bd5 Rxe1+ 36.Rxe1 Rd8
37.Qe5+ Kg8 38.h5 Qd2 39.Bf3 Bc2 40.Re2 Qc1+ 41.Kh2 Bxa4 42.Re4 Bc2 43.Rf4 h6
44.Qf6 Qd2 45.Qxf7+ Kh8 46.Qf6+ Kh7 47.Qe7+ Kh8 48.Qe5+  1-0

[Event "WYCC U18 Girls 2013"]
[Site "Al-Ain UAE"]
[Date "2013.12.23"]
[Round "7.25"]
[White "Serbanescu,D"]
[Black "Barbier,Astrid"]
[Result "1-0"]
[WhiteElo "1989"]
[BlackElo "1789"]

1.e4 d6 2.d4 Nf6 3.Nc3 e5 4.Nf3 Nbd7 5.Bc4 Be7 6.O-O O-O 7.h3 c6 8.a4 a5
9.Ba2 exd4 10.Nxd4 Nc5 11.Re1 Re8 12.Qf3 Bf8 13.Bg5 Be6 14.Nf5 Bxf5 15.Qxf5 Re5
16.Bxf6 Qxf6 17.Qxf6 gxf6 18.Rad1 Rd8 19.f3 Bh6 20.g3 Bg7 21.Re2 Re7 22.Red2 Red7
23.Bb3 Bh6 24.Re2 Re8 25.Kf2 Red8 26.f4 Bg7 27.Kf3 Re8 28.Red2 Red8 29.g4 Bh6
30.Ne2 Ne6 31.Bc4 Kf8 32.b3 Kg8 33.h4 Bg7 34.Ng3 h6 35.Nf5 Bf8 36.Rg2 Bg7
37.g5 fxg5 38.hxg5 hxg5 39.Nxg7 Kxg7 40.Bxe6 fxe6 41.Rxg5+ Kf6 42.Rdg1 Rf8
43.Rg6+ Ke7 44.Rh6 Rf7 45.Rgg6 e5 46.f5 d5 47.Re6+ Kd8 48.Rxe5 dxe4+ 49.Kxe4 Rd2
50.Rc5 Kd7 51.Ke3 Rg2 52.Kf3 Rd2 53.Rg6 Kc7 54.Ke3 Rh2 55.Re6 Rh5 56.Kf4 Rh2
57.Kg3 Rd2 58.Rce5 b6 59.Re7+ Rd7 60.Rxf7 Rxf7 61.Kf4 Kd6 62.Re6+ Kd5 63.Kg5 b5
64.Kg6 Rf8 65.Re2 bxa4 66.bxa4 Kc4 67.f6 Kb4 68.Re4+ Kc3 69.f7 Kxc2 70.Kg7 Rxf7+
71.Kxf7 Kb3 72.Ke6 c5 73.Kd5  1-0

[Event "51st Groningen Open A 2013"]
[Site "Groningen NED"]
[Date "2013.12.23"]
[Round "3.30"]
[White "Mostertman,M"]
[Black "Stavast,D"]
[Result "1-0"]
[WhiteElo "2304"]
[BlackElo "2066"]

1.e4 d6 2.d4 Nf6 3.Nc3 e5 4.Nf3 exd4 5.Nxd4 Be7 6.g3 d5 7.e5 Ng4 8.e6 Nf6
9.exf7+ Kxf7 10.Bg2 c6 11.O-O Na6 12.Bg5 Nc7 13.Qd3 Rf8 14.a3 Kg8 15.Nf5 Bxf5
16.Qxf5 Ne4 17.Bxe7 Qxe7 18.Qg4 Nxc3 19.bxc3 Rae8 20.c4 Qe6 21.Qd4 b6 22.cxd5 Nxd5
23.Rad1 Nf6 24.Qa4 Re7 25.Bxc6 Rc8 26.Bg2 Qc4 27.Qb3 Qxb3 28.cxb3 Rc3 29.Rb1 Re2
30.Rfc1 Rcc2 31.Rxc2 Rxc2 32.a4 Kf7 33.Re1 Rc3 34.Bf1 Nd7 35.Bc4+ Kf8 36.Re4 Nc5
37.Rf4+ Ke8 38.b4 Nd3 39.Bb5+ Ke7 40.Rd4 Rc1+ 41.Kg2 Ne1+ 42.Kh3 Ke6 43.Kg4 Rb1
44.f4 g6 45.Rc4 Ng2 46.Kf3  1-0

[Event "51st Groningen Open A 2013"]
[Site "Groningen NED"]
[Date "2013.12.23"]
[Round "3.39"]
[White "Bakels,Anton"]
[Black "Burg,B"]
[Result "0-1"]
[WhiteElo "2026"]
[BlackElo "2227"]

1.e4 d6 2.d4 Nf6 3.Nc3 Nbd7 4.Nf3 e5 5.g4 h6 6.Rg1 c6 7.h4 h5 8.gxh5 Nxh5
9.Bg5 Qb6 10.Qd2 exd4 11.Nxd4 Qxb2 12.Rb1 Qa3 13.Rb3 Qa5 14.Ndb5 Ne5 15.Nxd6+ Bxd6
16.Qxd6 Nf3+ 17.Kd1 f6 18.Be2 Nxg1 19.Nd5 Qd8 20.Qc7 Nxe2 21.Kxe2 cxd5  0-1

[Event "Al-Ain Classic Open A 2013"]
[Site "Al-Ain UAE"]
[Date "2013.12.24"]
[Round "6.42"]
[White "Mezioud,A"]
[Black "Basencyan,M"]
[Result "0-1"]
[WhiteElo "2048"]
[BlackElo "2181"]

1.e4 d6 2.d4 Nf6 3.Nc3 e5 4.Nf3 Nbd7 5.Be2 Be7 6.h3 c6 7.Be3 O-O 8.Qd2 b5
9.a3 Bb7 10.g4 a5 11.g5 Ne8 12.Bd3 Nc7 13.Rg1 Ne6 14.Ne2 c5 15.d5 c4 16.dxe6 cxd3
17.cxd3 fxe6 18.Nh2 d5 19.g6 d4 20.gxh7+ Kxh7 21.Bg5 Nc5 22.Bxe7 Qxe7 23.Rd1 Qh4
24.Ng4 Rf3 25.Nc1 Raf8 26.Rg2 Rxh3 27.Ke2 Nxe4 28.dxe4 Bxe4 29.Rgg1 d3+ 30.Nxd3 Bxd3+
31.Ke1 Rf4 32.Ne3 Be4 33.Rxg7+ Kh6 34.Rg8 Bh7 35.Nf5+ exf5 36.Qd6+ Kh5  0-1

[Event "WYCC U18 Open 2013"]
[Site "Al-Ain UAE"]
[Date "2013.12.24"]
[Round "8.18"]
[White "Studer,N"]
[Black "Radovanovic,Nik"]
[Result "0-1"]
[WhiteElo "2385"]
[BlackElo "2272"]

1.e4 d6 2.d4 Nf6 3.Nc3 e5 4.Nf3 Nbd7 5.Bc4 Be7 6.O-O Nb6 7.Be2 exd4 8.Nxd4 O-O
9.Bf4 c6 10.a4 a5 11.Qd3 d5 12.e5 Nfd7 13.Nf5 Nc5 14.Nxe7+ Qxe7 15.Qg3 Re8
16.Be3 Bf5 17.Rfe1 Nbd7 18.f4 Bxc2 19.Bg4 f5 20.exf6 Nxf6 21.Bd4 Qf8 22.Rac1 Nxg4
23.Qxg4 Bf5 24.Qg3 Nb3 25.Rcd1 Bc2 26.Be5 Bxd1 27.Rxd1 Nc5 28.f5 Nd7 29.Bd4 c5
30.Bf2 d4 31.Nd5 Nf6 32.Nc7 Ne4 33.Qb3+ Qf7 34.Qxf7+ Kxf7 35.Nxe8 Rxe8 36.Kf1 Nxf2
37.Kxf2 Kf6 38.Rd3 Rc8 39.g4 Ke5 40.b3 Ke4 41.Rh3 h6 42.Ke2 b5 43.axb5 Rb8
44.f6 gxf6 45.Rxh6 Rxb5 46.Rxf6 Rxb3 47.h4 d3+ 48.Kf1 Rb1+  0-1

[Event "WYCC U18 Girls 2013"]
[Site "Al-Ain UAE"]
[Date "2013.12.24"]
[Round "8.14"]
[White "Michelle Catherina,P"]
[Black "Serbanescu,D"]
[Result "1-0"]
[WhiteElo "2137"]
[BlackElo "1989"]

1.e4 d6 2.d4 Nf6 3.Nc3 e5 4.Nf3 Nbd7 5.Bc4 h6 6.O-O Be7 7.a4 c6 8.Re1 O-O
9.h3 b6 10.Ba2 Qc7 11.Nh4 exd4 12.Nf5 Nc5 13.Nxd4 Re8 14.Qf3 a5 15.Be3 Bf8
16.Bd2 Ncd7 17.Qg3 Nh5 18.Qg6 Ndf6 19.Nf5  1-0

[Event "WYCC U16 Girls 2013"]
[Site "Al-Ain UAE"]
[Date "2013.12.24"]
[Round "8.5"]
[White "Rodionova,Polina"]
[Black "Ivanova,Si"]
[Result "1-0"]
[WhiteElo "2095"]
[BlackElo "2049"]

1.e4 d6 2.d4 Nf6 3.Nc3 e5 4.Nf3 Nbd7 5.Bc4 Be7 6.O-O O-O 7.Re1 a6 8.a4 b6
9.b3 Bb7 10.Bb2 exd4 11.Nxd4 Ne5 12.Bf1 Re8 13.Qd2 Bf8 14.Nf5 Ng6 15.Nd5 Nxd5
16.exd5 Qd7 17.Ng3 Rxe1 18.Rxe1 Re8 19.Rxe8 Qxe8 20.Qc3 Qd7 21.Nh5 f5 22.Qd4 Qf7
23.c4 a5 24.f4 Qe7 25.Ng3 Bc8 26.Ne2 Qe4 27.Qxe4 fxe4 28.g3 Be7 29.Kf2 Bf6
30.Bxf6 gxf6 31.Nc3 Bf5 32.Nb5 Ne7 33.h3 c6 34.dxc6 Nxc6 35.Ke3 d5 36.cxd5 Nb4
37.d6 Nc2+ 38.Kd2 e3+ 39.Ke2 Kf8 40.Bg2 Be6 41.Be4 Bxb3 42.Bxh7 Bxa4 43.Na7 Ke8
44.h4 Bb3 45.h5 f5 46.Kd3 Kd7 47.h6 Kxd6 48.Bxf5 e2 49.Kxe2 Nd4+ 50.Kd2 Bg8
51.h7 Bxh7 52.Bxh7 a4 53.Bg8 b5 54.g4 b4 55.f5 Ke5 56.Bc4 Nf3+ 57.Kc2 Nd4+
58.Kb2 Kf6 59.Nb5 Nc6 60.Nc7 Ne5 61.Nd5+ Kg7 62.Be2 Nc6 63.f6+ Kg6 64.Ne7+ Nxe7
65.fxe7 Kf7 66.Bb5 Kxe7 67.Bxa4 Kf6 68.Bd7  1-0

[Event "WYCC U18 Girls 2013"]
[Site "Al-Ain UAE"]
[Date "2013.12.24"]
[Round "8.20"]
[White "Foster,Chantelle L"]
[Black "Leks,M"]
[Result "0-1"]
[WhiteElo "1901"]
[BlackElo "2076"]

1.e4 d6 2.d4 Nf6 3.Nc3 e5 4.Nf3 Nbd7 5.Bc4 Be7 6.O-O O-O 7.a4 a5 8.Qe2 c6
9.Rd1 exd4 10.Nxd4 Ne5 11.Bb3 Re8 12.Bf4 Ng6 13.Bg3 Bf8 14.Qd3 Qe7 15.f3 Nh5
16.Nce2 Bd7 17.Qd2 d5 18.exd5 c5 19.d6 Qe3+ 20.Qxe3 Rxe3 21.Bf2 Ree8 22.Nb5 Rxe2
23.Bxc5 Nhf4 24.Bf2 Rd8 25.Nc3 Re5 26.Ne4 Bc6 27.Bb6 Rd7 28.Bc7 Bxe4 29.fxe4 Ne6
30.Bb8 Nd8 31.Bc4 Nc6 32.Bc7 Nf4 33.Bb5 Ne6 34.Bxa5 Rxd6 35.Rxd6 Bxd6 36.Bxc6 Bc5+
37.Kf1 bxc6 38.Bc3 Rxe4 39.a5 Nd4 40.Bxd4 Rxd4 41.a6 Ba7 42.Ke2 g6 43.h3 h5
44.Ra3 Kg7 45.Rc3 c5 46.Ra3 Rd6 47.Ra4 g5 48.b3 Kg6 49.c3 f5 50.b4 cxb4 51.cxb4 Rd4
52.g3 h4 53.gxh4 gxh4 54.Kf3 Kg5 55.Kg2 Kf4 56.Kh2 Ke4 57.Kg2 f4 58.Ra1 f3+
59.Kf1 Rd2 60.Ke1 Rh2 61.Ra3 Rh1+ 62.Kd2 f2  0-1

[Event "Al-Ain Classic Open A 2013"]
[Site "Al-Ain UAE"]
[Date "2013.12.26"]
[Round "7.27"]
[White "Pourkashiyan,A"]
[Black "Bhakti,K"]
[Result "1-0"]
[WhiteElo "2334"]
[BlackElo "2267"]

1.e4 d6 2.d4 Nf6 3.Nc3 e5 4.Nf3 Nbd7 5.Bc4 Be7 6.O-O O-O 7.Re1 c6 8.a4 a5
9.h3 h6 10.b3 Qc7 11.Bb2 Re8 12.Bd3 Nf8 13.Ne2 Ng6 14.Ng3 Bf8 15.Qd2 Bd7
16.Rad1 Rad8 17.c4 Bc8 18.Bc3 b6 19.Qb2 Nd7 20.Bb1 Bb7 21.Nf5 f6 22.Bd2 Nb8
23.d5 c5 24.Qc1 Bc8 25.g4 Nh8 26.Kh2 g5 27.h4 Ng6 28.Rh1 Nf4 29.Qc2 Bxf5
30.gxf5 Qf7 31.Rdg1 Qh5 32.Qd1 Bg7 33.Bxf4 exf4 34.e5 g4 35.exf6 Bxf6 36.Rxg4+ Qxg4
37.Rg1 h5 38.Nd2 Re7 39.Ne4 Nd7 40.Rxg4+ hxg4 41.Qxg4+ Rg7 42.Qf3 Re8 43.h5 Kh8
44.h6 Rgg8 45.Qh5 Re7 46.Nxd6 Ne5 47.Ne4 Nd7 48.Bd3 Rh7 49.Qh3 f3 50.Kh1 Ne5
51.Bf1 Ng4 52.Qxf3 Rxh6+ 53.Bh3 Ne5 54.Qe3 Ng4 55.Qxh6+ Nxh6 56.Nxf6 Rd8
57.Kg2 Nf7 58.Ne4 Kg7 59.Kf3 Rh8 60.f6+ Kg6 61.Be6 Ne5+ 62.Kf4 Nd3+ 63.Ke3 Nc1
64.f4 Nxb3 65.f5+ Kh6 66.Kf4 Nc1 67.Ke5 Nd3+ 68.Kd6 Nb2 69.Ke7 Nxa4 70.f7 Nb2
71.d6 Nd3 72.f8=Q+ Rxf8 73.Kxf8 Ne5 74.d7  1-0

[Event "WYCC U16 Girls 2013"]
[Site "Al-Ain UAE"]
[Date "2013.12.26"]
[Round "9.28"]
[White "Wafa,Shrook"]
[Black "Smaraki,M"]
[Result "1-0"]
[WhiteElo "2010"]
[BlackElo "1837"]

1.e4 d6 2.d4 Nf6 3.Nc3 c6 4.f4 Qa5 5.Bd3 e5 6.dxe5 dxe5 7.fxe5 Qxe5 8.Nf3 Qc7
9.O-O Bc5+ 10.Kh1 Be6 11.a3 a5 12.Qe2 Nbd7 13.e5 Ng4 14.Bf4 h6 15.h3 g5 16.Bg3 Ne3
17.Rfe1 O-O-O 18.b4 axb4 19.axb4 Bxb4 20.Qxe3 Bxc3 21.Ra8+ Nb8 22.Rb1 Rd5
23.Ba6 Ra5 24.Rxb7 Qxb7 25.Bxb7+ Kxb7 26.Rxa5 Bxa5 27.Bf2 Bc7 28.Nd4 Bb6
29.Qf3 Bxd4 30.Bxd4 Nd7 31.Qa3 Ra8 32.Qb4+ Kc7 33.Bc5 Nxc5 34.Qxc5 Ra4 35.Qe7+ Kb6
36.Qf6 Rh4 37.Kg1 Kb5 38.Qf1+ Kb4 39.Qf2 c5 40.Qd2+ Kb5 41.Qe3 Kc4 42.g4 h5
43.Qxg5 Rxh3 44.gxh5  1-0

[Event "22nd Donau Open 2013"]
[Site "Aschach AUT"]
[Date "2013.12.26"]
[Round "1.2"]
[White "Dragnev,Valentin"]
[Black "Popovic,Du"]
[Result "0-1"]
[WhiteElo "2084"]
[BlackElo "2547"]

1.e4 d6 2.d4 Nf6 3.Nc3 e5 4.dxe5 dxe5 5.Qxd8+ Kxd8 6.Bg5 c6 7.O-O-O+ Ke8
8.Nf3 Nbd7 9.Bc4 Be7 10.Rhe1 Bd8 11.h3 h6 12.Be3 Bc7 13.g4 Bb6 14.g5 Bxe3+
15.Rxe3 Nh5 16.Rg1 Ke7 17.gxh6 Rxh6 18.Ne2 g6 19.Ng5 f6 20.Nf7 Rh7 21.Rxg6 Nb6
22.Bb3 c5 23.Nxe5 fxe5 24.Bg8 Rg7 25.Rxg7+ Nxg7 26.f4 Be6 27.Bxe6 Nxe6 28.fxe5 Nc4
29.Rb3 b6 30.Ng3 Nd4 31.Nf5+ Nxf5 32.exf5 Rg8 33.Kd1 Nxe5 34.a4 Rg1+ 35.Ke2 Rg2+
36.Ke3 Rxc2 37.a5 Rxb2 38.Rxb2 Nc4+ 39.Ke4 Nxb2 40.axb6 axb6 41.h4 Nc4 42.h5 Nd6+
43.Ke5 Nf7+  0-1

[Event "30th Boeblinger Open 2013"]
[Site "Boeblingen GER"]
[Date "2013.12.26"]
[Round "1.4"]
[White "Starostits,I"]
[Black "Schupp,U"]
[Result "1-0"]
[WhiteElo "2458"]
[BlackElo "2106"]

1.e4 d6 2.d4 Nf6 3.Nc3 e5 4.Nf3 exd4 5.Nxd4 Be7 6.h3 O-O 7.Be3 Nc6 8.Bc4 Re8
9.Bb3 Bf8 10.O-O h6 11.Nxc6 bxc6 12.Qd3 a5 13.Rfe1 Ba6 14.Qd1 Qe7 15.Qf3 Rab8
16.Ba7 Ra8 17.Bd4 Nd7 18.Qg3 Qg5 19.Qf3 Qg6 20.Qd1 Bb7 21.Re3 Ne5 22.Rg3 Qf6
23.Kh1 Bc8 24.Rf3 Qh4 25.Bxe5 Rxe5 26.Rxf7 d5 27.Rf3 Bg4 28.Rxf8+ Rxf8 29.Qxg4 Qxf2
30.exd5 Rf4 31.d6+ Kh7 32.Bg8+ Kxg8 33.dxc7 Rg5 34.c8=Q+ Kh7 35.Ne4  1-0

[Event "51st Groningen Open A 2013"]
[Site "Groningen NED"]
[Date "2013.12.26"]
[Round "5.47"]
[White "Dijkhuis,Sven"]
[Black "Stavast,D"]
[Result "1-0"]
[WhiteElo "1941"]
[BlackElo "2066"]

1.e4 d6 2.d4 Nf6 3.Nc3 e5 4.Nf3 exd4 5.Nxd4 Be7 6.f3 d5 7.e5 Nh5 8.g4 Bh4+
9.Ke2 b6 10.Qd2 O-O 11.gxh5 c5 12.Nb3 d4 13.Ne4 Nc6 14.Kd1 Nxe5 15.Qg2 Bb7
16.Bh6 Bf6 17.Rg1  1-0

[Event "51st Groningen Open A 2013"]
[Site "Groningen NED"]
[Date "2013.12.26"]
[Round "5.19"]
[White "Olsarova,T"]
[Black "Arslanov,S"]
[Result "1-0"]
[WhiteElo "2260"]
[BlackElo "2403"]

1.e4 d6 2.d4 Nf6 3.Nc3 e5 4.Nf3 Nbd7 5.Bc4 Be7 6.O-O O-O 7.Re1 c6 8.a4 a5
9.b3 exd4 10.Nxd4 Nb6 11.Bf1 d5 12.e5 Ne8 13.Bb2 g6 14.Nce2 Ng7 15.Nf4 f6
16.Nd3 Nd7 17.Ra2 fxe5 18.Nxe5 Nxe5 19.Rxe5 Bf6 20.Re1 c5 21.Nb5 Be6 22.Bxf6 Qxf6
23.c3 Rad8 24.Rd2 Kh8 25.g3 Bd7 26.Bg2 Bxb5 27.axb5 Qxc3 28.Bxd5 Nf5 29.Rd3 Qb4
30.Kg2 b6 31.Qe2 Rd6 32.Qe5+ Rdf6 33.Bc4 Nd4 34.Ra1 Kg7 35.Ra4  1-0

[Event "Al-Ain Classic Open A 2013"]
[Site "Al-Ain UAE"]
[Date "2013.12.27"]
[Round "8.22"]
[White "Anurag,M"]
[Black "Ali,Ak"]
[Result "1-0"]
[WhiteElo "2416"]
[BlackElo "2313"]

1.e4 d6 2.d4 Nf6 3.Nc3 e5 4.dxe5 dxe5 5.Qxd8+ Kxd8 6.Bg5 Nd7 7.O-O-O Bd6
8.Nf3 Ke8 9.Nb5 a6 10.Nxd6+ cxd6 11.Nd2 h6 12.Bh4 g5 13.Bg3 Nc5 14.Nc4 Ke7
15.f3 Rd8 16.Bf2 Ne6 17.Bb6 Rd7 18.h4 gxh4 19.Rxh4 h5 20.Ne3 Kf8 21.Bc4 Ng7
22.Bb3 Nge8 23.g4 hxg4 24.Nf5 g3 25.Be3  1-0

[Event "WYCC U18 Open 2013"]
[Site "Al-Ain UAE"]
[Date "2013.12.27"]
[Round "10.15"]
[White "Loiseau,Q"]
[Black "Draskovic,L"]
[Result "0-1"]
[WhiteElo "2388"]
[BlackElo "2282"]

1.e4 d6 2.d4 Nf6 3.Nc3 e5 4.Nf3 exd4 5.Nxd4 Be7 6.Bf4 O-O 7.Qd2 Nc6 8.O-O-O Nxd4
9.Qxd4 a6 10.h4 Be6 11.h5 Nd7 12.h6 Bf6 13.hxg7 Bxd4 14.gxf8=Q+ Nxf8 15.Rxd4 Qf6
16.Be3 Ng6 17.Nd5 Bxd5 18.Rxd5 Re8 19.Rdh5 Rxe4 20.Rxh7 Rxe3 21.fxe3 Qf2
22.Bd3 Ne5 23.R7h3 Qxg2 24.Bf5 Kf8 25.e4 Ke7 26.Rd1 Qf2 27.Rc3 c6 28.Bc8 Qa7
29.Rh3 b5 30.Kb1 a5 31.Bf5 Qc5 32.a3 Nc4 33.Rc3 b4 34.Rcd3 bxa3 35.b3 a2+
36.Ka1 Ne3  0-1

[Event "WYCC U18 Open 2013"]
[Site "Al-Ain UAE"]
[Date "2013.12.27"]
[Round "10.34"]
[White "Grigorian,R"]
[Black "Menezes,Chr"]
[Result "0-1"]
[WhiteElo "2101"]
[BlackElo "2260"]

1.e4 d6 2.d4 Nf6 3.Nc3 Nbd7 4.f4 e5 5.Nf3 exd4 6.Qxd4 c6 7.Be3 d5 8.e5 Bc5
9.Qd2 Bxe3 10.Qxe3 Ng4 11.Qd2 Nh6 12.Nd4 Nc5 13.Bd3 O-O 14.O-O-O f6 15.Rde1 fxe5
16.fxe5 Qe7 17.h3 Nf5 18.Bxf5 Bxf5 19.Rhf1 Bg6 20.Qe3 Rxf1 21.Rxf1 a5 22.g4 Re8
23.Nf5 Bxf5 24.gxf5 d4 25.Qxd4 Qxe5 26.Qg4 Nd7 27.Rg1 Re7 28.Kb1 Nf6 29.Qc4+ Kh8
30.Qd3 Qe3 31.Rd1 Qxd3 32.Rxd3 h5 33.Kc1 Re1+ 34.Kd2 Rf1 35.Rd8+ Kh7 36.Rb8 b5
37.Rc8 b4 38.Nd1 Ne4+ 39.Ke2 Ng3+ 40.Kd2 c5 41.Ra8 Rxf5 42.Rxa5 Kg6 43.h4 Rd5+
44.Ke1 Nf5 45.Nf2 Nxh4 46.Nd3 Nf3+ 47.Kf2 Rf5 48.Nxc5 Nd4+ 49.Kg3 Rg5+ 50.Kf2 Nc6
51.Rb5 h4 52.a4 bxa3 53.bxa3 h3 54.Rb3 h2 55.Rh3 Rxc5 56.c3 Rxc3  0-1

[Event "22nd Donau Open 2013"]
[Site "Aschach AUT"]
[Date "2013.12.27"]
[Round "3.1"]
[White "Kantans,T"]
[Black "Popovic,Du"]
[Result "1/2-1/2"]
[WhiteElo "2412"]
[BlackElo "2547"]

1.e4 d6 2.d4 Nf6 3.Nc3 e5 4.Nf3 Nbd7 5.Bc4 Be7 6.O-O Nb6 7.Bd3 Nfd7 8.Ne2 exd4
9.Nexd4 O-O 10.Re1 Bf6 11.c3 Re8 12.Bc2 a5 13.a4 Nc5 14.h3 Nc4 15.Nh2 Ne5
16.Ng4 Nxg4 17.hxg4 b6 18.Bf4 Bb7 19.f3 Be5 20.Qd2 g6 21.Rad1 Qd7 22.b3 Bf6
23.Bd3 d5 24.exd5 Rxe1+  1/2-1/2

[Event "30th Boeblinger Open 2013"]
[Site "Boeblingen GER"]
[Date "2013.12.27"]
[Round "3.5"]
[White "Novoselski,Z"]
[Black "Degenhardt,H"]
[Result "1-0"]
[WhiteElo "2381"]
[BlackElo "2248"]

1.e4 d6 2.d4 Nf6 3.Nc3 e5 4.Nf3 Nbd7 5.Bc4 Be7 6.O-O O-O 7.Re1 c6 8.Bf1 Re8
9.a4 a5 10.b3 Bf8 11.Ba3 Qb6 12.d5 Nc5 13.Nd2 Bg4 14.Nc4 Qa7 15.Qd2 Rad8
16.Kh1 Bd7 17.f3 cxd5 18.exd5 Rc8 19.Nb5 Bxb5 20.axb5 b6 21.Bxc5 Rxc5 22.b4 Rxd5
23.Qe3 Nd7 24.Nxa5 e4 25.Nc6 Qc7 26.Ra7 Qc8 27.fxe4 Rh5 28.Be2 Rh4 29.Bc4 d5
30.Bxd5 Bd6 31.g3 Rh6 32.Rf1 Nf6 33.Qxh6 gxh6 34.Rxf6 Qh3 35.Raxf7 Bxg3 36.Re7+  1-0

[Event "51st Groningen Open A 2013"]
[Site "Groningen NED"]
[Date "2013.12.27"]
[Round "6.5"]
[White "Bok,B"]
[Black "Azaladze,S"]
[Result "1-0"]
[WhiteElo "2540"]
[BlackElo "2482"]

1.e4 d6 2.d4 Nf6 3.Nc3 e5 4.Nf3 Nbd7 5.Bc4 Be7 6.a4 O-O 7.O-O a6 8.Ba2 b6
9.Qe2 c6 10.Rd1 Qc7 11.h3 Bb7 12.dxe5 dxe5 13.Nh4 b5 14.Nf5 Rfe8 15.Nxe7+ Rxe7
16.Bg5 h6 17.Bh4 Ree8 18.Qf3 b4 19.Ne2 c5 20.Rxd7 Qxd7 21.Bxf6 gxf6 22.Ng3 Qe7
23.Nf5 Qf8 24.Qh5 Kh7 25.Re1 Re6 26.Nxh6 Qxh6 27.Qxf7+ Qg7 28.Bxe6 Qxf7 29.Bxf7 Rd8
30.Bd5 Bc8 31.Rd1 Kg7 32.Rd3 f5 33.exf5 Bxf5 34.Be4 Rxd3 35.Bxd3 Bxd3 36.cxd3 e4
37.Kf1 exd3 38.Ke1 c4 39.Kd2 Kf6 40.b3 Ke5 41.Ke3 Kd5 42.h4 c3 43.Kxd3 Ke5
44.h5  1-0

[Event "51st Groningen Open A 2013"]
[Site "Groningen NED"]
[Date "2013.12.27"]
[Round "6.19"]
[White "Efroimski,M"]
[Black "Chytilek,R"]
[Result "1/2-1/2"]
[WhiteElo "2307"]
[BlackElo "2374"]

1.e4 d6 2.d4 Nf6 3.Nc3 e5 4.Nf3 Nbd7 5.Bc4 Be7 6.O-O O-O 7.Re1 a6 8.a4 b6
9.Bg5 Bb7 10.Qd2 c6 11.Rad1 b5 12.Bf1 Qc7 13.Bh4 Rfe8 14.Bg3 Bf8 15.axb5 axb5
16.Bd3 Qb6 17.dxe5 dxe5 18.Nb1 Nh5 19.Bxb5 Nxg3 20.Bc4 Nxe4 21.Rxe4 Nf6 22.Rxe5 Red8
23.Bd3 Qxb2 24.Qc3 Qb6 25.Nbd2 Ra3 26.Nb3 c5 27.Rde1 Nd5 28.Qb2 Ra4 29.c4 Nf4
30.Bf1 Bxf3 31.gxf3 Nd3 32.Bxd3 Rxd3 33.R5e3 Rxe3 34.Rxe3 Rxc4 35.Qe2 Qg6+
36.Kh1 Rc2 37.Nd2 c4 38.Qd1 Rb2 39.Ne4 Qb6 40.Qd5 Rb1+ 41.Kg2 Qb5 42.Qxb5 Rxb5
43.Nd2 Rg5+ 44.Kh1 h6 45.Nxc4 Bc5 46.Re2 Kh7 47.Nd2 Bd4 48.Ne4 Rg6  1/2-1/2

[Event "Al-Ain Classic Open A 2013"]
[Site "Al-Ain UAE"]
[Date "2013.12.28"]
[Round "9.21"]
[White "Ameir,M"]
[Black "Drazic,S"]
[Result "1-0"]
[WhiteElo "2287"]
[BlackElo "2441"]

1.e4 d6 2.d4 Nf6 3.Nc3 e5 4.Nf3 Nbd7 5.Bc4 Be7 6.O-O O-O 7.Re1 Nb6 8.Bf1 Nfd7
9.a4 a5 10.Be3 Bf6 11.Qd2 Re8 12.Rad1 exd4 13.Bxd4 Bxd4 14.Qxd4 Nc5 15.h3 Bd7
16.b3 Bc6 17.Bb5 h6 18.Bxc6 bxc6 19.e5 Ne6 20.Qg4 d5 21.Ne4 Nd7 22.Ng3 Rb8
23.Nf5 Rb4 24.N3d4 Rxd4 25.Nxd4 Nxd4 26.Qxd4 Nf8 27.f4 Qc8 28.Qc3 Ng6 29.Rf1 Qa6
30.Qd4 Nf8 31.Kh1 Ne6 32.Qd3 Qb6 33.h4 Qb4 34.Qg3 Nc5 35.Qe1 Qb6 36.Qe3 h5
37.Qf3 Ne4 38.Qxh5 Qc5 39.c4 Re6 40.Qf3 Rg6 41.g4 f5 42.g5 Re6 43.Qd3 Kh7
44.cxd5 cxd5 45.Rc1 Qa3 46.Rxc7 Rb6 47.Qe2 Kg6 48.h5+ Kh7 49.g6+ Kh6 50.Rc8  1-0

[Event "WYCC U16 Girls 2013"]
[Site "Al-Ain UAE"]
[Date "2013.12.28"]
[Round "11.31"]
[White "Fuskova,M"]
[Black "Smaraki,M"]
[Result "1/2-1/2"]
[WhiteElo "1969"]
[BlackElo "1837"]

1.e4 d6 2.d4 Nf6 3.Nc3 c6 4.Be3 Qa5 5.Bd3 e5 6.h3 Nbd7 7.Nf3 Be7 8.Qd2 Qc7
9.g4 h6 10.Ne2 b5 11.Ng3 exd4 12.Nxd4 Ne5 13.O-O-O Nxd3+ 14.Qxd3 g6 15.f4 Bb7
16.Rhe1 O-O 17.Kb1 a6 18.Bd2 c5  1/2-1/2

[Event "WYCC U18 Open 2013"]
[Site "Al-Ain UAE"]
[Date "2013.12.28"]
[Round "11.7"]
[White "Draskovic,L"]
[Black "Chigaev,M"]
[Result "0-1"]
[WhiteElo "2282"]
[BlackElo "2508"]

1.e4 d6 2.d4 Nf6 3.Nc3 e5 4.Nf3 Nbd7 5.g4 Nxg4 6.Rg1 Ngf6 7.Be3 c6 8.Qd2 b5
9.dxe5 Nxe5 10.Nxe5 dxe5 11.Bd3 Be6 12.f4 exf4 13.Bxf4 Qa5 14.Rg5 h6 15.Rg2 O-O-O
16.Qe2 Kb7 17.O-O-O Bb4 18.Be5 Bxc3 19.Bxc3 b4 20.Be1 Bxa2 21.e5 Bd5 22.exf6 Rhe8
23.Qg4 Bxg2 24.Qxg2 Qa1+ 25.Kd2 Rxd3+ 26.Kxd3 Qxd1+ 27.Bd2 gxf6 28.Kd4  0-1

[Event "30th Boeblinger Open 2013"]
[Site "Boeblingen GER"]
[Date "2013.12.28"]
[Round "5.5"]
[White "Starostits,I"]
[Black "Janzelj,T"]
[Result "1-0"]
[WhiteElo "2458"]
[BlackElo "2282"]

1.e4 d6 2.d4 Nf6 3.Nc3 e5 4.Nf3 Nbd7 5.Bc4 Be7 6.O-O O-O 7.Re1 c6 8.a4 b6
9.Ba2 a6 10.h3 Bb7 11.dxe5 dxe5 12.Nh4 b5 13.Nf5 b4 14.Nb1 Nc5 15.Nd2 Nxa4
16.Nc4 Qc7 17.Qf3 Ne8 18.Qg3 Bf6 19.f4 Nc5 20.fxe5 Bd8 21.Ncd6 Ne6 22.Bh6 g6
23.Bxf8 Kxf8 24.Nxe8 Qb6+ 25.Kh1 gxf5 26.exf5  1-0

[Event "51st Groningen Open A 2013"]
[Site "Groningen NED"]
[Date "2013.12.28"]
[Round "7.42"]
[White "Dijkhuis,Sven"]
[Black "Maris,Iv"]
[Result "1/2-1/2"]
[WhiteElo "1941"]
[BlackElo "2161"]

1.e4 d6 2.d4 Nf6 3.Nc3 e5 4.Nf3 Nbd7 5.g4 Nxg4 6.Rg1 exd4 7.Nxd4 Nde5 8.h3 c5
9.Bb5+ Bd7 10.Nf5 Bxb5 11.Nxb5 Qa5+ 12.Nc3 g6 13.hxg4 gxf5 14.gxf5 O-O-O
15.Qe2 b5 16.Bg5 Rg8 17.f4 Be7 18.fxe5 Bxg5 19.Qh5 h6 20.Qxf7 dxe5 21.Qe6+ Kb7
22.f6 Rge8 23.Qb3 a6 24.Qf7+ Kb8 25.Rd1 b4 26.Nd5 b3+ 27.c3 bxa2 28.Ra1 Rf8
29.Qe7 Bh4+ 30.Ke2 Bxf6 31.Nxf6 Qb5+ 32.Kf3 Qb6 33.Rg6 Qxb2 34.Qxe5+ Ka8
35.Rgg1 Rd3+ 36.Kg4 Qe2+ 37.Kh4 Qf2+ 38.Kh5 Qxf6 39.Qxf6 Rxf6 40.Rxa2 Rh3+
41.Kg4 Rxc3 42.Rga1 Ka7 43.Ra4 c4 44.e5 Rc6 45.Re1 Rd3 46.e6 Rd8 47.Kf5 c3
48.Kf6 c2 49.Raa1 Rdd6 50.Rac1 Kb6 51.Kf7 Kb5 52.e7 Rd7 53.Re2 Kb4 54.Rcxc2 Rxc2
55.Rxc2 a5 56.Ke6 Rxe7+ 57.Kxe7 Kb3 58.Rc6 a4 59.Rxh6  1/2-1/2

[Event "89th Hastings Masters 2013-14"]
[Site "Hastings ENG"]
[Date "2013.12.28"]
[Round "1.45"]
[White "Witt,H"]
[Black "Pickersgill,A"]
[Result "0-1"]
[WhiteElo "1648"]
[BlackElo "1988"]

1.e4 d6 2.d4 Nf6 3.Nc3 c6 4.h3 Nbd7 5.f4 Qa5 6.Bd3 e5 7.Nf3 exd4 8.Nxd4 g6
9.Be3 Bg7 10.O-O O-O 11.Qd2 Nc5 12.Nb3 Nxb3 13.axb3 Qc7 14.Rae1 Bd7 15.f5 gxf5
16.exf5 d5 17.Qf2 b6 18.Qh4 Rae8 19.Bf4 Qd8 20.Bg5 Rxe1 21.Rxe1 Re8 22.Rxe8+ Bxe8
23.Qg3 Kh8 24.Qh4 Qd6 25.Kh1 Bd7 26.Bh6 Bxh6 27.Qxh6 Kg8 28.Qg5+ Kf8 29.Qh6+ Ke7
30.Qe3+ Kd8 31.Qg5 Kc7 32.Qh4 Qe5 33.Qg5 d4 34.Ne2 Ne4 35.Qh4 Bxf5 36.Qe1 Nd6
37.Qh4 Bxd3 38.Nxd4 Nf5 39.Nxf5 Bxf5 40.c3 f6 41.Qh6 Kd6 42.Qf8+ Kd7 43.Qa8 Qc7
44.Qf8 Qd8 45.Qg7+ Qe7 46.Qg3 Kc8 47.Qg8+ Kb7 48.Qg3 Be4 49.Qh4 Qe5 50.Qg4 Qf5
51.Qg7+ Ka6 52.Qg8 Qxh3+ 53.Kg1 Qxg2+ 54.Qxg2 Bxg2 55.Kxg2 Kb5 56.Kg3 Kc5
57.Kg4 Kd5 58.Kf5 h5 59.Kf4 Ke6  0-1